| Tag |
First Indicator |
Second Indicator |
Subfields |
| LEADER |
00000cam a22000001i 4500 |
| 001 |
in00004035331 |
| 006 |
m |o d | |
| 007 |
cr |n||||||||| |
| 008 |
140815t20142014nyu ob 001 0 eng d |
| 005 |
20221130133754.2 |
| 020 |
|
|
|a 9780801454578 (electronic bk.)
|
| 020 |
|
|
|a 0801454573 (electronic bk.)
|
| 020 |
|
|
|z 9780801452802
|
| 020 |
|
|
|z 0801452805
|
| 020 |
|
|
|z 9780801479342
|
| 020 |
|
|
|z 0801479347
|
| 024 |
8 |
|
|a 99977835676
|
| 035 |
|
|
|a (NhCcYBP)ebc3138632
|
| 035 |
|
|
|a in00004035331
|
| 040 |
|
|
|a NhCcYBP
|c NhCcYBP
|d UtOrBLW
|
| 043 |
|
|
|a n-us---
|
| 050 |
|
4 |
|a UG703
|b .A74 2014
|
| 082 |
0 |
4 |
|a 358.4/24
|2 23
|
| 245 |
0 |
4 |
|a The American way of bombing :
|b changing ethical and legal norms, from flying fortresses to drones /
|c edited by Matthew Evangelista and Henry Shue.
|
| 264 |
|
1 |
|a Ithaca ;
|a London :
|b Cornell University Press,
|c 2014.
|
| 264 |
|
4 |
|c ©2014
|
| 300 |
|
|
|a 1 online resource.
|
| 336 |
|
|
|a text
|b txt
|2 rdacontent
|
| 337 |
|
|
|a computer
|b c
|2 rdamedia
|
| 338 |
|
|
|a online resource
|b cr
|2 rdacarrier
|
| 504 |
|
|
|a Includes bibliographical references (pages 237-299) and index.
|
| 505 |
0 |
|
|a Historical and theoretical perspectives -- Strategic bombardment: expectation, theory, and practice in the early 20th century / Tami Davis Biddle -- Bombing civilians after World War II: the persistence of norms against targeting civilians in the Korean war / Sahr Conway-Lanz -- Targeting civilians and US strategic bombing norms: plus ça change, plus c'est la même chose? / Neta C. Crawford -- The law applies, but which law? a consumer guide to the laws of war / Charles Garraway -- Interpreting, criticizing, and creating legal restrictions -- Clever or clueless? observations about bombing norm debates / Charles J. Dunlap, Jr -- The American way of bombing and international law: two logics of warfare in tension / Janina Dill -- Force protection, military advantage, and constant care for civilians: the 1991 bombing of Iraq / Henry Shue -- Civilian deaths and American power: three lessons from Iraq and Afghanistan / Richard W. Miller -- Constructing new norms -- Proportionality and restraint on the use of force: the role of nongovernmental organizations / Margarita H. Petrova -- Toward an anthropology of drones: remaking space, time, and valor in combat / Hugh Gusterson -- What's wrong with drones? the battlefield in international humanitarian law / Klem Ryan -- Banning autonomous killing: the legal and ethical requirement that humans make near-time lethal decisions / Mary Ellen O'Connell.
|
| 500 |
|
|
|a "The papers commissioned for this project were first intensively discussed at a workshop at Cornell University in April 2011"--Acknowledgements.
|
| 588 |
|
|
|a Description based on print version record.
|
| 500 |
|
|
|a Electronic resource.
|
| 650 |
|
0 |
|a Bombing, Aerial
|z United States.
|
| 650 |
|
0 |
|a Bombing, Aerial
|x Moral and ethical aspects.
|
| 650 |
|
0 |
|a Drone aircraft
|x Government policy
|z United States.
|
| 655 |
|
7 |
|a Electronic books.
|2 local
|
| 700 |
1 |
|
|a Evangelista, Matthew,
|d 1958-
|e editor.
|0 http://id.loc.gov/authorities/names/n87915019
|
| 700 |
1 |
|
|a Shue, Henry,
|e editor.
|0 http://id.loc.gov/authorities/names/n80072588
|
| 700 |
1 |
2 |
|i Contains (work):
|a Biddle, Tami Davis,
|d 1959-
|t Strategic bombardment.
|
| 710 |
2 |
|
|a ProQuest (Firm)
|0 http://id.loc.gov/authorities/names/n2007068018
|
| 776 |
1 |
8 |
|c Original
|z 9780801452802
|z 0801452805
|z 9780801479342
|z 0801479347
|w (DLC) 2014006282
|
| 856 |
4 |
0 |
|u https://ebookcentral.proquest.com/lib/tamucs/detail.action?docID=3138632
|z Connect to the full text of this electronic book
|t 0
|
| 955 |
|
|
|a YBP purchased DDA e-records
|
| 980 |
|
|
|b 149.93
|g 1
|
| 987 |
|
|
|a ybp11975831
|
| 999 |
f |
f |
|s 6ad58060-0037-461c-937b-713f8b37a243
|i 87fa9f43-8118-3cfb-902f-b4952d484367
|t 0
|
| 952 |
f |
f |
|a Texas A&M University
|b College Station
|c Electronic Resources
|d Available Online
|t 0
|e UG703 .A74 2014
|h Library of Congress classification
|
| 998 |
f |
f |
|a UG703 .A74 2014
|t 0
|l Available Online
|